LEADER 01552nam a2200277 i 4500 001 000000050485 003 CaOOAMICUS 005 20220204125714.0 008 130117s1673 it u000 u lat u 013 $a21656 026 $aq.0. 67s. n-os tose (3) 1673 (R) 040 $aSeMil$bita 100 1 $aBossi, Giovanni Angelo,$d<1590-1665>.$0(OLS)http://semarc/name/25016 245 10$aTractatus de scrupulis et eorum remedijs, tům in vniuersum, tům speciatim circa particulares materias. Ex opere variorum moralium r.p.d. Ioannis Angeli Bossii .. 260 $aVenetiis :$bApud Paulum Balleonium,$c1673. 300 $a[12], 525, [39] p. ;$c12°. 500 $aCors. ; rom. - Note ms. di provenienza e varie (libro all'indice) sul piatto anteriore e sulle prime c. di guardia 500 $aMarca editoriale: Aquila bicipite con una corona tra le due teste. In una cornice vegetale. (Repertorio consultato: Marte, BNC Roma). - Marca non censita. 500 $aSegn.: a6 A-Z12 2A6 650 4$aScrupoli.$0(OLS)http://semarc/subject/10467 700 1 $aBaglioni, Paolo,$c.$0(OLS)http://semarc/name/2943 850 $aSeMil 852 $aSeMil$W1$xVenegono$y1$m2F I 25 FA$j16640$B16640$CSeMilBibl$Z2$F16640 $8I 996 $6245$aTractatus de scrupulis et eorum remedijs, tům in vniuersum, tům speciatim circa particulares materias. Ex opere variorum moralium r.p.d. Ioannis Angeli Bossii ..$9(OLS)http://semarc/title/77071 996 $6260$aVenetiis :$bApud Paulum Balleonium$9(OLS)http://semarc/publisher/31412 LEADER 00636nam a2200181 i 4500 001 000000215655 003 CaOOAMICUS 005 20120831000000.0 008 120831s1841 it u000 u ita u 013 $a194530 040 $aSeMil$bita 245 10$aM-Q. 300 $a448 p. 500 $aAlle p. [435]-448 : Giunte e correz. ai v. 1-3. 773 0 $aCherubini, Francesco <1789-1851>$tVocabolario milanese-italiano.$dMilano : Dall'Imp. Regia Stamperia, 1839-1856.$g3$w()13393 850 $aSeMil 852 $aSeMil$W1$xVenegono$y1$m1A III 15 FA$j166075$B166075$CSeMilBibl$Z2$F177022 $8I 996 $6245$aM-Q$9(OLS)http://semarc/title/115592